| 000 | 00843cam a2200205 4500 | ||
|---|---|---|---|
| 001 | ABS61840 | ||
| 008 | 000000n1999 000 0 eng u | ||
| 035 | _a(Sirsi) u104030 | ||
| 100 | _aWatson, P. | ||
| 245 | _aImplementation of total quality management (TQM) in construction | ||
| 260 | _c1999 | ||
| 490 |
_aConstruction Information Quarterly _v1(4) December 1999, 1-6(6) |
||
| 520 | _aDiscusses the advantages of implementing TQM within construction organisations. Considers the problems that may arise during implementation. The solutions that the author suggests are based upon research conducted in association with 20 construction companies. | ||
| 590 | _aABS | ||
| 650 | _aTOTAL QUALITY MANAGEMENT | ||
| 650 |
_aCONSTRUCTION MANAGEMENT _96230 |
||
| 650 | _aCONSTRUCTION INDUSTRY | ||
| 650 | _aQUALITY ASSURANCE | ||
| 942 | _n0 | ||
| 999 |
_c62434 _d62434 |
||